Plataformas legislativas del FMLN y ARENA: aspectos económicos
En este artículo se explican las diferentes propuestas de los partidos políticos mayoritarios de El Salvador: ARENA y el FMLN. El primero mantiene sus ofertas económicas tradicionales, centrándose en la tarea de generar empleo e ingresos como la única vía para reducir la pobreza el FMLN plantea la...
Збережено в:
| Формат: | Текст |
|---|---|
| Предмети: | |
| Теги: |
Додати тег
Немає тегів, Будьте першим, хто поставить тег для цього запису!
|
MARC
| LEADER | 00000 a a2200000 04500 | ||
|---|---|---|---|
| 001 | 6345 | ||
| 003 | |||
| 040 | |||
| 245 | |a Plataformas legislativas del FMLN y ARENA: |b aspectos económicos | ||
| 520 | |a En este artículo se explican las diferentes propuestas de los partidos políticos mayoritarios de El Salvador: ARENA y el FMLN. El primero mantiene sus ofertas económicas tradicionales, centrándose en la tarea de generar empleo e ingresos como la única vía para reducir la pobreza |a el FMLN plantea la necesidad de cambios significativos en la conducción económica, especialmente porque propone una mayor intervención del Estado en la regulación de variables y actividades económicas. A continuación se ofrece la definición de cada propuesta electoral, sus contenidos y las reacciones ante tales propuestas por parte de la Fundación Salvadoreña para el Desarrollo Económico y Social (FUSADES) y de la Asociación Nacional de la Empresa Privada (ANEP). /MSD | ||
| 650 | |a PARTIDOS POLITICOS | ||
| 650 | |a POLITICA ECONOMICA | ||
| 650 | |a ASPECTOS ECONOMICOS | ||
| 773 | |g volumen 20, número 892; páginas 7-10 | ||
| 999 | |c 34443 |d 34443 | ||
